Notas y reseñas de obras públicas.
Збережено в:
| Формат: | Невідомо |
|---|---|
| Мова: | Spanish |
| Предмети: | |
| Теги: |
Додати тег
Немає тегів, Будьте першим, хто поставить тег для цього запису!
|
MARC
| LEADER | 000000000a22000000004500 | ||
|---|---|---|---|
| 001 | 007497 | ||
| 041 | 0 | |a spa | |
| 245 | 0 | 0 | |a Notas y reseñas de obras públicas. |
| 650 | 4 | |a LIBROS | |
| 650 | 4 | |a RESEÑAS | |
| 773 | 0 | |x 0252-8479 |d Heredia, Costa Rica : Instituto de Estudios Latinoamericanos (IDELA) |t Repertorio Americano. Nueva Época |g números 9-10 (2000), páginas 180-195 | |
| 942 | |c ARC | ||
| 999 | |c 13531 |d 13531 | ||
